[Event "MPA 1820 2024"]
[Site "Sianozety"]
[Date "2024.04.12"]
[Round "6.8"]
[White "Pierzak, Rafael"]
[Black "Siwek, Kornel"]
[Result "1-0"]
[BlackElo "1437"]
[WhiteElo "1819"]
[LiveChessVersion "1.4.4"]

1. d4 {[%clk 1:30:54]} c6 {[%clk 1:30:44]} 2. Nf3 {[%clk 1:31:13]} g6
{[%clk 1:30:35]} 3. e3 {[%clk 1:30:39]} Bg7 {[%clk 1:30:20]} 4. c4
{[%clk 1:30:58]} d5 {[%clk 1:30:43]} 5. Nc3 {[%clk 1:30:46]} Nf6 {[%clk 1:30:39]}
6. Be2 {[%clk 1:30:00]} dxc4 {[%clk 1:27:39]} 7. Bxc4 {[%clk 1:30:28]} b5
{[%clk 1:27:17]} 8. Bd3 {[%clk 1:29:50]} Bb7 {[%clk 1:27:25]} 9. Bd2
{[%clk 1:25:22]} Nbd7 {[%clk 1:26:40]} 10. b4 {[%clk 1:20:55]} O-O
{[%clk 1:21:37]} 11. Qc2 {[%clk 1:13:27]} Rc8 {[%clk 1:14:31]} 12. Ne4
{[%clk 1:08:38]} Nxe4 {[%clk 1:12:35]} 13. Bxe4 {[%clk 1:08:57]} Nf6
{[%clk 1:12:39]} 14. Bd3 {[%clk 1:08:56]} e6 {[%clk 1:00:41]} 15. O-O
{[%clk 1:00:26]} Qe7 {[%clk 0:57:29]} 16. Rac1 {[%clk 0:53:04]} Rfd8
{[%clk 0:55:58]} 17. Be2 {[%clk 0:39:38]} a6 {[%clk 0:55:38]} 18. Ne5
{[%clk 0:39:12]} Nd7 {[%clk 0:55:02]} 19. Nxd7 {[%clk 0:36:50]} Rxd7
{[%clk 0:55:30]} 20. f4 {[%clk 0:33:34]} Qd8 {[%clk 0:35:13]} 21. Rfd1
{[%clk 0:31:59]} Qb6 {[%clk 0:33:14]} 22. Qc5 Qc7 {[%clk 0:28:32]} 23. Bf3
{[%clk 0:28:59]} Bf8 {[%clk 0:28:17]} 24. Qc2 {[%clk 0:25:56]} Qd8
{[%clk 0:21:39]} 25. Qb3 {[%clk 0:22:57]} Rdc7 {[%clk 0:20:12]} 26. Rc2
{[%clk 0:22:15]} Be7 {[%clk 0:19:38]} 27. Rdc1 {[%clk 0:21:55]} Qd7
{[%clk 0:19:58]} 28. Be1 {[%clk 0:21:59]} Bd6 {[%clk 0:19:36]} 29. Bc3
{[%clk 0:21:15]} Bf8 {[%clk 0:18:59]} 30. Bb2 {[%clk 0:19:39]} Be7
{[%clk 0:18:19]} 31. Qc3 {[%clk 0:19:34]} Bf6 {[%clk 0:16:47]} 32. Qb3
{[%clk 0:17:04]} Be7 {[%clk 0:15:42]} 33. a3 {[%clk 0:17:19]} Bf8
{[%clk 0:15:41]} 34. g4 {[%clk 0:17:24]} Bg7 {[%clk 0:15:10]} 35. h3
{[%clk 0:15:32]} Qe7 {[%clk 0:13:25]} 36. g5 {[%clk 0:14:49]} Qd7
{[%clk 0:12:12]} 37. Kh2 {[%clk 0:14:31]} Qe8 {[%clk 0:11:13]} 38. h4
{[%clk 0:14:36]} Qe7 {[%clk 0:09:02]} 39. Kg3 {[%clk 0:14:47]} Kf8
{[%clk 0:07:37]} 40. Rh2 {[%clk 0:14:22]} Ke8 {[%clk 0:06:36]} 41. Rd1
{[%clk 0:12:41]} Rd7 {[%clk 0:06:33]} 42. h5 {[%clk 0:12:01]} Kd8
{[%clk 0:05:43]} 43. hxg6 {[%clk 0:11:17]} hxg6 {[%clk 0:06:12]} 44. Rhd2
{[%clk 0:08:25]} Bf8 {[%clk 0:04:48]} 45. d5 {[%clk 0:08:18]} Qe8
{[%clk 0:03:31]} 46. dxc6 {[%clk 0:07:46]} Bxc6 {[%clk 0:03:01]} 47. Bxc6
{[%clk 0:07:39]} Rxc6 {[%clk 0:03:09]} 48. Rxd7+ {[%clk 0:07:49]} Qxd7
{[%clk 0:03:32]} 49. Rxd7+ {[%clk 0:08:15]} Kxd7 {[%clk 0:03:57]} 50. Be5
{[%clk 0:07:30]} Bd6 {[%clk 0:03:39]} 51. Qd3 {[%clk 0:07:32]} Ke7
{[%clk 0:04:00]} 52. Bf6+ {[%clk 0:07:37]} Ke8 {[%clk 0:04:00]} 53. Qe4
{[%clk 0:07:30]} Rc8 {[%clk 0:03:11]} 54. Qb7 {[%clk 0:07:40]} Bc5
{[%clk 0:02:34]} 55. bxc5 {[%clk 0:07:52]} 1-0

[Event "MPA 1820 2024"]
[Site "Sianozety"]
[Date "2024.04.12"]
[Round "6.9"]
[White "Sarnik, Blazej"]
[Black "Przygrodzki, Jan"]
[Result "1-0"]
[BlackElo "1802"]
[WhiteElo "1447"]
[LiveChessVersion "1.4.4"]

1. d4 {[%clk 1:30:57]} d5 {[%clk 1:30:34]} 2. c4 {[%clk 1:31:21]} c6
{[%clk 1:31:00]} 3. Nf3 {[%clk 1:31:48]} Nf6 {[%clk 1:31:16]} 4. g3
{[%clk 1:32:02]} dxc4 {[%clk 1:30:42]} 5. Bg2 {[%clk 1:32:21]} g6
{[%clk 1:22:38]} 6. O-O {[%clk 1:31:52]} Bg7 {[%clk 1:23:05]} 7. a4
{[%clk 1:32:17]} a5 {[%clk 1:21:32]} 8. Na3 {[%clk 1:32:30]} O-O {[%clk 1:15:02]}
9. Nxc4 {[%clk 1:31:37]} Na6 {[%clk 1:00:45]} 10. Bd2 {[%clk 1:24:09]} Nb4
{[%clk 1:00:18]} 11. Qb3 {[%clk 1:19:44]} Be6 {[%clk 0:55:40]} 12. Bxb4
{[%clk 1:15:43]} b5 {[%clk 0:52:38]} 13. axb5 {[%clk 1:13:37]} cxb5
{[%clk 0:52:08]} 14. Bxa5 {[%clk 1:11:49]} Rxa5 {[%clk 0:31:23]} 15. Rxa5
{[%clk 1:11:48]} Bxc4 {[%clk 0:31:46]} 16. Qa3 {[%clk 1:11:56]} Bxe2
{[%clk 0:22:07]} 17. Ra1 Bh6 {[%clk 0:11:58]} 18. Ra8 {[%clk 1:08:41]} Qxa8
{[%clk 0:10:56]} 19. Qxa8 {[%clk 1:09:05]} Rxa8 {[%clk 0:11:24]} 20. Rxa8+
{[%clk 1:09:32]} Kg7 {[%clk 0:11:52]} 21. Ra7 {[%clk 1:09:37]} Ng8
{[%clk 0:03:02]} 22. Ne5 {[%clk 1:08:38]} Bc1 {[%clk 0:03:21]} 23. b3
{[%clk 1:08:47]} b4 {[%clk 0:00:40]} 24. Bd5 {[%clk 1:08:53]} f6 {[%clk 0:00:33]}
25. Nc6 {[%clk 1:08:53]} Bb2 {[%clk 0:00:31]} 1-0

[Event "MPA 1820 2024"]
[Site "Sianozety"]
[Date "2024.04.12"]
[Round "6.10"]
[White "Goluch, Bartosz"]
[Black "Sarnik, Robert"]
[Result "1-0"]
[BlackElo "1602"]
[WhiteElo "1728"]
[LiveChessVersion "1.4.4"]

1. e4 {[%clk 1:30:52]} c5 {[%clk 1:30:54]} 2. Nf3 e6 3. d4 {[%clk 1:30:58]} cxd4
{[%clk 1:31:15]} 4. Nxd4 {[%clk 1:31:19]} a6 {[%clk 1:31:40]} 5. Nc3
{[%clk 1:31:26]} Qc7 {[%clk 1:32:01]} 6. a4 {[%clk 1:28:13]} Bb4 {[%clk 1:31:39]}
7. Bd2 {[%clk 1:28:32]} Nf6 {[%clk 1:32:02]} 8. Bd3 {[%clk 1:25:23]} O-O
{[%clk 1:28:20]} 9. O-O {[%clk 1:22:39]} d6 {[%clk 1:28:13]} 10. Nde2
{[%clk 1:20:32]} Nbd7 {[%clk 1:28:07]} 11. f4 {[%clk 1:19:49]} Bc5+
{[%clk 1:21:27]} 12. Kh1 {[%clk 1:19:39]} Ng4 {[%clk 1:21:50]} 13. Qe1
{[%clk 1:15:49]} Qb6 {[%clk 1:22:04]} 14. h3 {[%clk 1:16:05]} Nf2+
{[%clk 1:16:54]} 15. Kh2 {[%clk 1:16:19]} Nxd3 {[%clk 1:17:14]} 16. cxd3
{[%clk 1:16:35]} Qxb2 {[%clk 1:17:11]} 17. Rb1 {[%clk 1:16:16]} Qc2
{[%clk 1:17:30]} 18. d4 {[%clk 1:15:49]} Ba7 {[%clk 1:15:58]} 19. Rf3
{[%clk 1:14:25]} Nf6 {[%clk 1:05:32]} 20. Rc1 {[%clk 1:14:40]} Qb2
{[%clk 1:05:31]} 21. Rb1 {[%clk 1:14:48]} Qc2 {[%clk 1:02:05]} 22. Rc1
{[%clk 1:14:34]} Qb3 {[%clk 1:02:15]} 23. Nd5 {[%clk 1:14:02]} Qxa4
{[%clk 1:00:05]} 24. Nxf6+ {[%clk 1:13:46]} gxf6 {[%clk 1:00:29]} 25. Qh4
{[%clk 1:13:34]} Bxd4 {[%clk 1:00:15]} 26. Nxd4 {[%clk 1:13:50]} Qxd4
{[%clk 1:00:31]} 27. Rg3+ {[%clk 1:13:45]} Kh8 {[%clk 0:59:46]} 28. Bc3 1-0

[Event "MPA 1820 2024"]
[Site "Sianozety"]
[Date "2024.04.12"]
[Round "7.1"]
[White "Adamowicz, Michal"]
[Black "Haluja, Wiktor"]
[Result "1/2-1/2"]
[BlackElo "1756"]
[WhiteElo "1741"]
[LiveChessVersion "1.4.4"]

1. e4 {[%clk 1:31:00]} c6 {[%clk 1:30:56]} 2. Nc3 {[%clk 1:31:27]} d5
{[%clk 1:31:21]} 3. Nf3 {[%clk 1:31:53]} dxe4 {[%clk 1:31:45]} 4. Nxe4
{[%clk 1:32:18]} Nf6 {[%clk 1:32:08]} 5. Nxf6+ {[%clk 1:32:25]} exf6
{[%clk 1:32:31]} 6. Bc4 {[%clk 1:32:51]} Bd6 {[%clk 1:32:56]} 7. Qe2+
{[%clk 1:33:10]} Be7 {[%clk 1:33:25]} 8. O-O {[%clk 1:33:16]} O-O
{[%clk 1:33:49]} 9. d4 {[%clk 1:33:40]} Bd6 {[%clk 1:34:08]} 10. h3
{[%clk 1:29:14]} Re8 {[%clk 1:31:29]} 11. Be3 {[%clk 1:21:09]} Nd7
{[%clk 1:12:58]} 12. Bb3 {[%clk 1:17:18]} Nf8 {[%clk 0:56:35]} 13. Qd2
{[%clk 1:07:56]} Bf5 {[%clk 0:47:00]} 14. Bf4 {[%clk 1:05:32]} Ne6
{[%clk 0:37:53]} 15. Bxd6 {[%clk 1:00:59]} Qxd6 {[%clk 0:38:13]} 16. Rfe1
{[%clk 0:56:44]} Nf4 {[%clk 0:31:47]} 17. Rxe8+ {[%clk 0:52:12]} Rxe8
{[%clk 0:32:15]} 18. Re1 {[%clk 0:52:23]} Rxe1+ {[%clk 0:27:24]} 19. Qxe1
{[%clk 0:51:03]} Kf8 {[%clk 0:23:03]} 20. Qa5 {[%clk 0:43:49]} Qd7
{[%clk 0:03:33]} 21. Qxa7 {[%clk 0:38:46]} g5 {[%clk 0:02:29]} 22. a4
{[%clk 0:26:17]} Bxh3 {[%clk 0:01:57]} 23. Ne1 {[%clk 0:17:26]} Bxg2
{[%clk 0:00:33]} 24. Qb8+ {[%clk 0:12:01]} Kg7 {[%clk 0:00:49]} 25. Bxf7
{[%clk 0:11:44]} Kxf7 {[%clk 0:00:34]} 26. Nxg2 {[%clk 0:12:11]} Qg4
{[%clk 0:00:34]} 27. Qxb7+ {[%clk 0:12:36]} Kg6 {[%clk 0:00:53]} 28. Qxc6
{[%clk 0:12:56]} Qd1+ {[%clk 0:00:37]} 29. Kh2 {[%clk 0:13:15]} Qh5+
{[%clk 0:00:46]} 30. Kg1 {[%clk 0:13:35]} Qd1+ {[%clk 0:01:03]} 31. Kh2
{[%clk 0:13:47]} Qh5+ {[%clk 0:01:31]} 32. Kg1 {[%clk 0:13:21]} Qd1+
{[%clk 0:00:32]} 1/2-1/2

[Event "MPA 1820 2024"]
[Site "Sianozety"]
[Date "2024.04.12"]
[Round "7.2"]
[White "Iwan, Patryk"]
[Black "Mencfel, Artur"]
[Result "0-1"]
[BlackElo "1757"]
[WhiteElo "1815"]
[LiveChessVersion "1.4.4"]

1. e4 {[%clk 1:30:59]} c5 {[%clk 1:30:54]} 2. Nf3 {[%clk 1:31:26]} Nc6
{[%clk 1:31:19]} 3. d4 {[%clk 1:31:52]} cxd4 {[%clk 1:31:45]} 4. Nxd4
{[%clk 1:32:18]} e5 {[%clk 1:32:09]} 5. Nb5 {[%clk 1:32:45]} d6 {[%clk 1:32:33]}
6. N1c3 {[%clk 1:33:08]} a6 {[%clk 1:32:51]} 7. Na3 {[%clk 1:33:33]} Be7
{[%clk 1:32:45]} 8. Be3 {[%clk 1:32:13]} Nf6 {[%clk 1:31:18]} 9. Nd5
{[%clk 1:26:50]} Nxd5 {[%clk 1:31:19]} 10. exd5 {[%clk 1:25:30]} Na7
{[%clk 1:24:44]} 11. Bd3 {[%clk 1:20:22]} O-O {[%clk 1:23:42]} 12. O-O
{[%clk 1:18:59]} f5 {[%clk 1:18:52]} 13. f3 {[%clk 1:13:54]} Bd7 {[%clk 1:12:52]}
14. Nc4 {[%clk 1:10:36]} b5 {[%clk 1:13:05]} 15. Nb6 {[%clk 1:08:47]} Rb8
{[%clk 1:12:30]} 16. Nxd7 {[%clk 1:08:34]} Qxd7 {[%clk 1:12:56]} 17. b3
{[%clk 1:05:25]} Bf6 {[%clk 1:12:03]} 18. Bxf5 {[%clk 1:03:57]} Qxf5
{[%clk 1:12:01]} 19. Bxa7 {[%clk 1:04:19]} Rbc8 {[%clk 1:11:13]} 20. Rf2
{[%clk 0:49:54]} Rc3 {[%clk 1:06:38]} 21. a3 {[%clk 0:42:47]} Rfc8
{[%clk 1:05:48]} 22. Ra2 {[%clk 0:38:30]} Bg5 {[%clk 1:05:40]} 23. Qe2
{[%clk 0:35:12]} Qf7 {[%clk 1:03:27]} 24. Bb6 {[%clk 0:32:54]} Qxd5
{[%clk 1:03:53]} 25. Ba5 {[%clk 0:28:56]} R3c6 {[%clk 1:01:24]} 26. g3
{[%clk 0:25:18]} Qd4 {[%clk 1:00:11]} 27. Kg2 {[%clk 0:25:09]} Be3
{[%clk 0:54:02]} 28. Rf1 {[%clk 0:25:17]} Qc5 {[%clk 0:51:25]} 29. Qd3
{[%clk 0:20:44]} Bd4 {[%clk 0:51:06]} 30. Rd1 {[%clk 0:18:07]} Qd5
{[%clk 0:44:10]} 31. Rd2 {[%clk 0:17:20]} Qf7 {[%clk 0:42:34]} 32. Re2
{[%clk 0:14:32]} Rc3 {[%clk 0:35:53]} 33. Bxc3 {[%clk 0:14:37]} Rxc3
{[%clk 0:36:19]} 34. Qe4 {[%clk 0:11:15]} d5 {[%clk 0:36:43]} 35. Qh4
{[%clk 0:09:04]} Qxf3+ {[%clk 0:35:40]} 36. Kh3 {[%clk 0:09:28]} Qxe2
{[%clk 0:35:03]} 37. Qd8+ {[%clk 0:09:11]} Kf7 {[%clk 0:35:27]} 38. Qd7+
{[%clk 0:07:23]} Kf6 {[%clk 0:34:50]} 39. Qd6+ {[%clk 0:06:42]} Kf5
{[%clk 0:34:50]} 40. Qxd5 {[%clk 0:06:04]} Qg4+ {[%clk 0:35:12]} 0-1

[Event "MPA 1820 2024"]
[Site "Sianozety"]
[Date "2024.04.12"]
[Round "7.3"]
[White "Hombek, Mariusz"]
[Black "Czepczynski, Boguslaw"]
[Result "0-1"]
[BlackElo "1771"]
[WhiteElo "1531"]
[LiveChessVersion "1.4.4"]

1. Nc3 {[%clk 1:31:20]} c5 {[%clk 1:30:52]} 2. e4 {[%clk 1:31:20]} Nc6
{[%clk 1:30:52]} 3. f4 {[%clk 1:31:37]} d6 {[%clk 1:30:47]} 4. Nf3
{[%clk 1:32:02]} a6 {[%clk 1:30:54]} 5. a4 {[%clk 1:28:01]} g6 {[%clk 1:30:26]}
6. Bc4 {[%clk 1:27:49]} Bg7 {[%clk 1:30:14]} 7. O-O {[%clk 1:27:09]} Nf6
{[%clk 1:30:25]} 8. d3 {[%clk 1:26:51]} O-O {[%clk 1:30:44]} 9. Qe1
{[%clk 1:25:39]} e6 {[%clk 1:21:33]} 10. f5 {[%clk 1:14:40]} exf5
{[%clk 1:15:55]} 11. Qh4 {[%clk 1:09:05]} Ne5 {[%clk 0:51:49]} 12. Bg5
{[%clk 0:58:46]} h6 {[%clk 0:44:37]} 13. Bxh6 {[%clk 0:57:31]} Bxh6
{[%clk 0:42:16]} 14. Qxh6 {[%clk 0:57:33]} Nfg4 {[%clk 0:42:23]} 15. Qf4
{[%clk 0:50:07]} Nxc4 {[%clk 0:37:00]} 16. dxc4 {[%clk 0:50:01]} Be6
{[%clk 0:27:38]} 17. h3 {[%clk 0:32:33]} Ne5 {[%clk 0:23:55]} 18. Qh6
{[%clk 0:22:19]} Nxf3+ {[%clk 0:17:59]} 19. Rxf3 {[%clk 0:22:39]} Qf6
{[%clk 0:18:08]} 20. exf5 {[%clk 0:20:28]} Bxf5 {[%clk 0:16:14]} 21. Nd5
{[%clk 0:20:13]} Qd4+ {[%clk 0:16:12]} 22. Kh1 {[%clk 0:19:24]} Rae8
{[%clk 0:16:17]} 23. Rxf5 {[%clk 0:19:12]} Re6 {[%clk 0:15:32]} 24. Rf4
{[%clk 0:15:40]} Qg7 {[%clk 0:15:06]} 25. Qxg7+ {[%clk 0:15:26]} Kxg7
{[%clk 0:15:27]} 26. Raf1 {[%clk 0:15:10]} Re2 {[%clk 0:13:12]} 27. R1f2
{[%clk 0:13:54]} Re5 {[%clk 0:12:50]} 28. Rf6 {[%clk 0:13:21]} b5
{[%clk 0:12:58]} 29. axb5 {[%clk 0:13:10]} axb5 {[%clk 0:13:19]} 30. Rxd6
{[%clk 0:11:55]} bxc4 {[%clk 0:13:24]} 31. Nb6 {[%clk 0:09:19]} Re4
{[%clk 0:11:04]} 32. Rd7 {[%clk 0:09:10]} Kg8 {[%clk 0:09:16]} 33. Kh2
{[%clk 0:09:24]} f5 {[%clk 0:08:35]} 34. b3 {[%clk 0:07:10]} cxb3
{[%clk 0:07:47]} 35. cxb3 {[%clk 0:07:35]} Rb8 {[%clk 0:05:41]} 36. Nd5
{[%clk 0:05:33]} Re6 {[%clk 0:04:50]} 37. Rc7 {[%clk 0:03:55]} Rxb3
{[%clk 0:04:44]} 38. Rxc5 {[%clk 0:04:16]} Rd6 {[%clk 0:04:28]} 39. Ne7+
{[%clk 0:04:21]} Kf7 {[%clk 0:03:53]} 40. Nxf5 {[%clk 0:04:47]} gxf5
{[%clk 0:04:07]} 41. Rcxf5+ {[%clk 0:05:10]} Kg6 {[%clk 0:04:09]} 42. Kg1
{[%clk 0:05:05]} Rb1+ {[%clk 0:06:29]} 43. Kh2 {[%clk 0:05:32]} Rb3
{[%clk 0:06:35]} 44. Rf8 {[%clk 0:05:58]} Rb5 {[%clk 0:06:09]} 45. Rg8+
{[%clk 0:06:18]} Kh7 {[%clk 0:06:28]} 46. Rg4 {[%clk 0:06:42]} Rb7
{[%clk 0:06:02]} 47. h4 {[%clk 0:07:04]} Re6 {[%clk 0:06:12]} 48. g3
{[%clk 0:07:19]} Ra7 {[%clk 0:06:19]} 49. Kh3 {[%clk 0:07:43]} Rd6
{[%clk 0:06:38]} 50. Rgf4 {[%clk 0:07:25]} Kg7 {[%clk 0:06:48]} 51. h5
{[%clk 0:07:40]} Rd5 {[%clk 0:06:43]} 52. Kh4 {[%clk 0:07:58]} Rd6
{[%clk 0:06:55]} 53. g4 {[%clk 0:08:18]} Rc6 {[%clk 0:06:15]} 54. g5
{[%clk 0:08:25]} Rcc7 {[%clk 0:06:14]} 55. h6+ {[%clk 0:07:01]} Kg8
{[%clk 0:06:14]} 56. Kh5 {[%clk 0:05:49]} Rc8 {[%clk 0:06:07]} 57. Kg6
{[%clk 0:05:18]} Ra6+ {[%clk 0:04:35]} 58. Rf6 {[%clk 0:05:36]} Raa8
{[%clk 0:04:53]} 59. h7+ {[%clk 0:05:12]} Kh8 {[%clk 0:04:56]} 60. Kh6
{[%clk 0:05:37]} Ra6 {[%clk 0:03:20]} 0-1

[Event "MPA 1820 2024"]
[Site "Sianozety"]
[Date "2024.04.12"]
[Round "7.4"]
[White "Przytocki, Bartosz"]
[Black "Stepien, Janusz"]
[Result "1/2-1/2"]
[BlackElo "1732"]
[WhiteElo "1651"]
[LiveChessVersion "1.4.4"]

1. e4 {[%clk 1:30:57]} e6 {[%clk 1:30:52]} 2. d4 {[%clk 1:31:23]} d5
{[%clk 1:31:18]} 3. Nd2 {[%clk 1:31:38]} Nf6 {[%clk 1:30:57]} 4. e5
{[%clk 1:32:02]} Nfd7 {[%clk 1:31:21]} 5. Bd3 {[%clk 1:32:20]} c5
{[%clk 1:31:45]} 6. c3 {[%clk 1:32:45]} Nc6 {[%clk 1:31:31]} 7. Ne2
{[%clk 1:33:02]} Qb6 {[%clk 1:28:38]} 8. Nf3 {[%clk 1:32:30]} Be7
{[%clk 1:27:39]} 9. O-O {[%clk 1:31:37]} Nf8 {[%clk 1:24:37]} 10. Nf4
{[%clk 1:18:54]} Bd7 {[%clk 1:21:48]} 11. dxc5 {[%clk 1:14:17]} Bxc5
{[%clk 1:21:03]} 12. Nh5 {[%clk 1:08:44]} O-O-O {[%clk 1:13:59]} 13. b4
{[%clk 0:55:48]} Be7 {[%clk 1:13:46]} 14. a4 {[%clk 0:47:18]} Ng6
{[%clk 1:11:13]} 15. Re1 {[%clk 0:45:13]} f6 {[%clk 1:09:23]} 16. Be3
{[%clk 0:32:43]} Qc7 {[%clk 1:08:56]} 17. exf6 {[%clk 0:33:00]} gxf6
{[%clk 1:08:59]} 18. b5 {[%clk 0:29:14]} Nce5 {[%clk 1:06:25]} 19. Nxe5
{[%clk 0:27:11]} fxe5 {[%clk 1:05:49]} 20. a5 {[%clk 0:23:20]} Qd6
{[%clk 0:51:11]} 21. Bxa7 {[%clk 0:16:58]} Rdg8 {[%clk 0:46:48]} 22. c4
{[%clk 0:14:02]} e4 {[%clk 0:46:25]} 23. c5 {[%clk 0:11:50]} Qe5 {[%clk 0:45:49]}
24. c6 {[%clk 0:11:09]} bxc6 {[%clk 0:40:24]} 25. bxc6 {[%clk 0:11:33]} Bxc6
{[%clk 0:40:47]} 26. Rc1 {[%clk 0:07:59]} Bd6 {[%clk 0:40:17]} 27. Rxc6+
{[%clk 0:07:42]} Kd7 {[%clk 0:39:17]} 28. Ng3 {[%clk 0:03:44]} Nf4
{[%clk 0:35:04]} 29. Bxe4 {[%clk 0:01:54]} Rc8 {[%clk 0:25:29]} 30. Rxc8
{[%clk 0:01:59]} Rxc8 {[%clk 0:25:53]} 31. Bxh7 {[%clk 0:01:26]} Qc3
{[%clk 0:25:57]} 32. Bb6 {[%clk 0:00:56]} Rh8 {[%clk 0:25:58]} 33. Bb1
{[%clk 0:00:57]} e5 {[%clk 0:25:07]} 34. a6 {[%clk 0:01:00]} Bb4 {[%clk 0:25:01]}
35. Re3 {[%clk 0:01:10]} Qc6 {[%clk 0:25:13]} 36. Bf5+ {[%clk 0:01:11]} Kd6
{[%clk 0:23:59]} 37. Ne4+ {[%clk 0:00:33]} Ke7 {[%clk 0:24:19]} 38. Rg3
{[%clk 0:00:34]} Qxb6 {[%clk 0:20:56]} 39. h3 {[%clk 0:00:59]} Qxa6
{[%clk 0:18:32]} 40. Qg4 {[%clk 0:00:34]} Qh6 {[%clk 0:12:53]} 41. Ng5
{[%clk 0:00:33]} Bd6 {[%clk 0:09:04]} 42. Rb3 {[%clk 0:00:42]} Bc7
{[%clk 0:07:35]} 43. Rb7 {[%clk 0:00:55]} Qc6 {[%clk 0:06:39]} 44. Ra7
{[%clk 0:00:40]} Qb6 {[%clk 0:06:21]} 45. Nf3 {[%clk 0:00:50]} Nh5
{[%clk 0:06:16]} 46. Qg5+ {[%clk 0:01:02]} Kd6 {[%clk 0:06:31]} 47. Ra1
{[%clk 0:00:39]} Bd8 {[%clk 0:06:03]} 48. Qg6+ {[%clk 0:00:44]} Nf6
{[%clk 0:06:06]} 49. Qf7 {[%clk 0:00:51]} Re8 {[%clk 0:05:56]} 50. Rb1
{[%clk 0:00:37]} Qc7 {[%clk 0:04:54]} 51. Qg6 {[%clk 0:00:42]} Rg8
{[%clk 0:05:03]} 52. Qh6 {[%clk 0:00:44]} Qg7 {[%clk 0:04:49]} 53. Qxg7
{[%clk 0:00:57]} Rxg7 {[%clk 0:05:13]} 54. Ra1 {[%clk 0:00:46]} e4
{[%clk 0:05:20]} 55. Ra6+ {[%clk 0:00:57]} Kc5 {[%clk 0:05:38]} 56. Ne5
{[%clk 0:00:59]} Kb5 {[%clk 0:05:06]} 57. Rd6 {[%clk 0:01:12]} Be7
{[%clk 0:05:04]} 58. Re6 {[%clk 0:01:01]} Nh5 {[%clk 0:04:53]} 59. Rg6
{[%clk 0:00:37]} Bf6 {[%clk 0:04:50]} 60. Rxg7 {[%clk 0:00:49]} Nxg7 61. Nd7
1/2-1/2

[Event "MPA 1820 2024"]
[Site "Sianozety"]
[Date "2024.04.12"]
[Round "7.5"]
[White "Pietras, Maksymilian"]
[Black "Pierzak, Rafael"]
[Result "1/2-1/2"]
[BlackElo "1819"]
[WhiteElo "1733"]
[LiveChessVersion "1.4.4"]

1. d4 {[%clk 1:30:56]} Nf6 {[%clk 1:30:53]} 2. Nf3 {[%clk 1:31:02]} d6
{[%clk 1:30:30]} 3. c4 {[%clk 1:30:38]} g6 {[%clk 1:30:09]} 4. Nc3
{[%clk 1:30:27]} Bg7 {[%clk 1:30:31]} 5. g3 {[%clk 1:29:05]} O-O {[%clk 1:30:21]}
6. Bg2 c6 {[%clk 1:29:55]} 7. O-O {[%clk 1:28:45]} Nbd7 {[%clk 1:30:08]} 8. Qc2
{[%clk 1:24:29]} e5 {[%clk 1:29:33]} 9. Rd1 {[%clk 1:21:46]} Qc7 {[%clk 1:28:28]}
10. e4 {[%clk 1:14:46]} Re8 {[%clk 1:25:17]} 11. Bg5 {[%clk 1:12:03]} h6
{[%clk 1:23:58]} 12. Be3 {[%clk 1:10:14]} Ng4 {[%clk 1:20:21]} 13. Bc1
{[%clk 1:07:37]} Ngf6 {[%clk 1:13:32]} 14. Be3 {[%clk 1:05:46]} Ng4
{[%clk 1:13:53]} 15. Bc1 {[%clk 1:05:41]} Ngf6 {[%clk 1:14:21]} 16. h3
{[%clk 1:04:35]} exd4 {[%clk 1:12:21]} 17. Nxd4 a5 18. Be3 {[%clk 0:59:19]} Nc5
{[%clk 0:52:00]} 19. Nb3 {[%clk 0:52:05]} Nxb3 {[%clk 0:50:37]} 20. axb3
{[%clk 0:50:14]} Kh7 {[%clk 0:34:16]} 21. Qd2 {[%clk 0:43:36]} Bf8
{[%clk 0:31:05]} 22. Bf4 {[%clk 0:40:12]} Re6 {[%clk 0:27:10]} 23. c5
{[%clk 0:38:42]} Ne8 {[%clk 0:25:58]} 24. h4 {[%clk 0:32:59]} Qd8
{[%clk 0:19:02]} 25. cxd6 {[%clk 0:30:59]} g5 {[%clk 0:15:19]} 26. d7
{[%clk 0:21:34]} gxf4 {[%clk 0:11:58]} 27. dxc8=Q {[%clk 0:21:42]} Qxc8
{[%clk 0:12:03]} 28. Bh3 {[%clk 0:21:14]} fxg3 {[%clk 0:10:27]} 29. fxg3
{[%clk 0:20:25]} Qc7 {[%clk 0:09:07]} 30. Bxe6 {[%clk 0:19:25]} Qxg3+
{[%clk 0:07:21]} 31. Qg2 {[%clk 0:19:41]} Bc5+ {[%clk 0:07:32]} 32. Kh1
{[%clk 0:19:15]} Qxg2+ {[%clk 0:06:53]} 33. Kxg2 {[%clk 0:19:40]} fxe6
{[%clk 0:07:21]} 34. Rd7+ {[%clk 0:19:47]} Kg6 {[%clk 0:06:32]} 35. Ne2
{[%clk 0:16:02]} e5 {[%clk 0:04:50]} 36. Rxb7 {[%clk 0:15:59]} Nd6
{[%clk 0:04:44]} 37. Rc7 {[%clk 0:16:07]} Nxe4 {[%clk 0:03:09]} 38. Rxc6+
{[%clk 0:16:13]} Kf5 {[%clk 0:01:42]} 39. Rf1+ {[%clk 0:15:53]} Kg4
{[%clk 0:01:45]} 40. Nc3 {[%clk 0:14:27]} Nxc3 {[%clk 0:01:45]} 41. Rxc5
{[%clk 0:14:16]} Ne2 {[%clk 0:01:55]} 42. Rxe5 {[%clk 0:13:59]} Nf4+
{[%clk 0:01:15]} 43. Kh2 {[%clk 0:14:21]} Rf8 {[%clk 0:00:40]} 44. Rxa5
{[%clk 0:11:29]} Rd8 {[%clk 0:00:46]} 45. Ra4 {[%clk 0:10:36]} Rd2+
{[%clk 0:01:02]} 46. Kh1 {[%clk 0:10:51]} Kg3 {[%clk 0:01:17]} 47. Raxf4
{[%clk 0:08:32]} Rh2+ {[%clk 0:01:39]} 48. Kg1 {[%clk 0:09:00]} Rg2+
{[%clk 0:02:08]} 49. Kh1 {[%clk 0:08:47]} 1/2-1/2

[Event "MPA 1820 2024"]
[Site "Sianozety"]
[Date "2024.04.12"]
[Round "7.6"]
[White "Bajno, Adam"]
[Black "Klonowski, Arkadiusz"]
[Result "1-0"]
[BlackElo "1734"]
[WhiteElo "1731"]
[LiveChessVersion "1.4.4"]

1. b3 {[%clk 1:29:45]} Nf6 {[%clk 1:30:54]} 2. Bb2 {[%clk 1:30:11]} b6
{[%clk 1:31:01]} 3. Nf3 {[%clk 1:28:48]} e6 {[%clk 1:31:21]} 4. e3
{[%clk 1:28:36]} Be7 {[%clk 1:31:02]} 5. Be2 {[%clk 1:26:31]} O-O
{[%clk 1:31:18]} 6. O-O {[%clk 1:26:54]} Bb7 {[%clk 1:31:37]} 7. d3
{[%clk 1:25:31]} d6 {[%clk 1:28:43]} 8. Nbd2 {[%clk 1:24:25]} Nbd7
{[%clk 1:29:06]} 9. c4 {[%clk 1:21:29]} c5 {[%clk 1:29:32]} 10. Qc2
{[%clk 1:20:33]} d5 {[%clk 1:27:33]} 11. Rac1 {[%clk 1:18:19]} Bd6
{[%clk 1:26:07]} 12. Rfd1 {[%clk 1:14:45]} Qe7 {[%clk 1:24:41]} 13. cxd5
{[%clk 1:14:17]} Nxd5 {[%clk 1:22:19]} 14. Nc4 {[%clk 1:14:19]} Bc7
{[%clk 1:19:30]} 15. Qb1 {[%clk 1:13:06]} Rfd8 {[%clk 1:17:59]} 16. Qa1
{[%clk 1:12:49]} f6 {[%clk 1:17:16]} 17. d4 {[%clk 1:09:34]} Rac8
{[%clk 1:15:15]} 18. a3 {[%clk 0:58:12]} Bb8 {[%clk 0:57:12]} 19. Qb1
{[%clk 0:58:10]} f5 {[%clk 0:50:55]} 20. Bd3 {[%clk 0:47:04]} g5 {[%clk 0:46:36]}
21. e4 {[%clk 0:28:10]} g4 {[%clk 0:41:57]} 22. exd5 {[%clk 0:23:49]} gxf3
{[%clk 0:41:38]} 23. dxe6 {[%clk 0:16:36]} Bxh2+ {[%clk 0:39:13]} 24. Kxh2
{[%clk 0:16:31]} Qh4+ {[%clk 0:39:32]} 25. Kg1 {[%clk 0:16:54]} fxg2
{[%clk 0:39:41]} 26. f3 {[%clk 0:16:14]} Nf6 27. Ne5 {[%clk 0:14:19]} Rxd4
{[%clk 0:30:31]} 28. Bxd4 {[%clk 0:12:49]} Qxd4+ {[%clk 0:30:50]} 29. Kxg2
{[%clk 0:13:12]} Qxe5 {[%clk 0:30:45]} 30. Re1 {[%clk 0:12:45]} Qf4
{[%clk 0:30:12]} 31. Be2 {[%clk 0:08:24]} Ng4 {[%clk 0:15:45]} 32. Rh1
{[%clk 0:08:25]} Qe3 {[%clk 0:14:57]} 33. Qxf5 {[%clk 0:07:06]} Qxe2+
{[%clk 0:05:13]} 34. Kg3 {[%clk 0:06:40]} Qf2+ {[%clk 0:05:00]} 35. Kxg4
{[%clk 0:06:45]} Qg2+ {[%clk 0:04:50]} 36. Kh4 {[%clk 0:06:25]} Qf2+
{[%clk 0:04:43]} 37. Kh3 {[%clk 0:06:26]} Qxf3+ {[%clk 0:02:27]} 38. Qxf3
{[%clk 0:06:50]} Bxf3 {[%clk 0:02:55]} 39. Rhg1+ {[%clk 0:07:13]} Kf8
{[%clk 0:03:18]} 40. Rcf1 {[%clk 0:07:38]} 1-0